| 000 | 00466nam a2200217Ia 4500 | ||
|---|---|---|---|
| 003 | IT-RoPAU | ||
| 008 | 120407s9999 xx 000 0 und d | ||
| 040 | _aIT-RoPAU | ||
| 040 | _cIT-RoPAU | ||
| 041 | _aita | ||
| 100 | _aDiego Maltese | ||
| 245 | _aPrincipi di catalogazione e regole italiane. | ||
| 250 | _aFirenze | ||
| 260 | _aLeo S. Olschki | ||
| 260 | _c1965 | ||
| 300 | _a141 p. | ||
| 300 | _c21 cm | ||
| 490 | _v1 | ||
| 942 | _cBK | ||
| 999 |
_c25616 _d25616 |
||